Mind, Work, and Life: (Record no. 122022)
[ view plain ]
| 000 -LEADER | |
|---|---|
| fixed length control field | 00678nam a22001817a 4500 |
| 008 - FIXED-LENGTH DATA ELEMENTS--GENERAL INFORMATION | |
| fixed length control field | 150212b xxu||||| |||| 00| 0 eng d |
| 020 ## - INTERNATIONAL STANDARD BOOK NUMBER | |
| International Standard Book Number | 9781499381702 |
| 050 ## - LIBRARY OF CONGRESS CALL NUMBER | |
| Classification number | LA885.G32 M663 |
| 100 ## - MAIN ENTRY--PERSONAL NAME | |
| Personal name | Kornhaber, Mindy L. (ed.) |
| 9 (RLIN) | 15045 |
| 245 ## - TITLE STATEMENT | |
| Title | Mind, Work, and Life: |
| Remainder of title | a festschrift on the occasion of Howard Gardner's 70th birthday |
| Statement of responsibility, etc | edited by Mindy L. Kornhaber and Ellen Winner |
| 260 ## - PUBLICATION, DISTRIBUTION, ETC. (IMPRINT) | |
| Place of publication, distribution, etc | Masschusetts |
| Name of publisher, distributor, etc | Commander's Mansion |
| Date of publication, distribution, etc | 2013 |
| 300 ## - PHYSICAL DESCRIPTION | |
| Extent | 2vol., xxxiii, 583p. ; |
| Dimensions | 28cm. |
| 600 ## - SUBJECT ADDED ENTRY--PERSONAL NAME | |
| Personal name | Gardner, Howard |
| 9 (RLIN) | 15046 |
| 700 ## - ADDED ENTRY--PERSONAL NAME | |
| Personal name | Winner, Ellen (ed.) |
| 9 (RLIN) | 15287 |
| 700 ## - ADDED ENTRY--PERSONAL NAME | |
| Personal name | Winner, Ellen (ed.) |
| 9 (RLIN) | 15288 |
| 700 ## - ADDED ENTRY--PERSONAL NAME | |
| Personal name | Kornhaber, Miny L (ed.) |
| 9 (RLIN) | 15289 |
| 942 ## - ADDED ENTRY ELEMENTS (KOHA) | |
| Source of classification or shelving scheme | Library of Congress Classification |
| Item type | Monograph ( Printed materials) |
| Koha issues (borrowed), all copies | 2 |
| Withdrawn status | Lost status | Source of classification or shelving scheme | Damaged status | Not for loan | Collection code | Home library | Current library | Shelving location | Date acquired | Total Checkouts | Full call number | Barcode | Date last seen | Date last borrowed | Price effective from | Koha item type |
|---|---|---|---|---|---|---|---|---|---|---|---|---|---|---|---|---|
| Library of Congress Classification | Main Collection | ARRUPE LIBRARY | ARRUPE LIBRARY | Main Collection | 12/02/2015 | 2 | LA885.G32 M663 vol. 1 | 46500002958 | 28/06/2018 | 05/03/2015 | 12/02/2015 | Monograph ( Printed materials) | ||||
| Library of Congress Classification | Main Collection | ARRUPE LIBRARY | ARRUPE LIBRARY | Main Collection | 12/02/2015 | LA885.G32 M663 vol. 2 | 46500002957 | 28/06/2018 | 12/02/2015 | Monograph ( Printed materials) | ||||||
| Library of Congress Classification | Main Collection | ARRUPE LIBRARY | ARRUPE LIBRARY | Main Collection | 18/10/2017 | LA885.G32 M663 vol. 2 | 46500026059 | 28/06/2018 | 18/10/2017 | Monograph ( Printed materials) |